Greetings from the 50 states : (Record no. 7796)

MARC details
000 -LEADER
fixed length control field 01047nam a22003017a 4500
001 - CONTROL NUMBER
control field 7796
003 - CONTROL NUMBER IDENTIFIER
control field FISKH
005 - DATE AND TIME OF LATEST TRANSACTION
control field 20250828131210.0
008 - FIXED-LENGTH DATA ELEMENTS--GENERAL INFORMATION
fixed length control field 250807b cb ||||| |||| 00| 0 eng d
020 ## - INTERNATIONAL STANDARD BOOK NUMBER
International Standard Book Number 9780545208987
040 ## - CATALOGING SOURCE
Original cataloging agency FISKH
Language of cataloging eng
Transcribing agency FISKH
Modifying agency FISKH
050 ## - LIBRARY OF CONGRESS CALL NUMBER
Classification number E155 .K226
082 ## - DEWEY DECIMAL CLASSIFICATION NUMBER
Classification number 973
100 ## - MAIN ENTRY--PERSONAL NAME
Personal name Keenan, Sheila
Dates associated with a name (1953-)
245 ## - TITLE STATEMENT
Title Greetings from the 50 states :
Remainder of title How they got their names /
Statement of responsibility, etc. By Sheila Keenan ; Illustrated by Selina Alko
250 ## - EDITION STATEMENT
Edition statement This edition first published in 2009
260 ## - PUBLICATION, DISTRIBUTION, ETC.
Place of publication, distribution, etc. New York :
Name of publisher, distributor, etc. Scholastic,
Date of publication, distribution, etc. 2008
300 ## - PHYSICAL DESCRIPTION
Extent 112 pages :
Other physical details color illustrations ;
Dimensions 28 cm
505 ## - FORMATTED CONTENTS NOTE
Formatted contents note Z<br/>
520 ## - SUMMARY, ETC.
Summary, etc. The story behind each state's name and nickname is told in this informative book providing historical facts, fun trivia, and a helpful geography lesson.<br/>
521 8# - TARGET AUDIENCE NOTE
Target audience note 970<br/>
Source Lexile<br/>
521 8# - TARGET AUDIENCE NOTE
Target audience note Z<br/>
Source Raz-Plus<br/>
650 ## - SUBJECT ADDED ENTRY--TOPICAL TERM
Source of heading or term States
Topical term or geographic name entry element States & Capitals
650 ## - SUBJECT ADDED ENTRY--TOPICAL TERM
Source of heading or term Cities and States
Topical term or geographic name entry element Holland Gertrude
700 ## - ADDED ENTRY--PERSONAL NAME
Personal name Alko, Selina
Dates associated with a name illustrator
942 ## - ADDED ENTRY ELEMENTS (KOHA)
Source of classification or shelving scheme Dewey Decimal Classification
Koha item type Books
Suppress in OPAC No
Holdings
Withdrawn status Lost status Source of classification or shelving scheme Damaged status Not for loan Collection Home library Current library Shelving location Date acquired Total Checkouts Full call number Barcode Date last seen Copy number Price effective from Koha item type
    Dewey Decimal Classification     Non-Fiction Footprints International School Library Network Toul Tom Poung Campus Footprints International School Library Network Toul Tom Poung Campus TTP Secondary Non-Fiction Bookshelves 08/07/2025   KEE 973 E155 .K226 FIS04686 08/07/2025 1 08/07/2025 Books
    Dewey Decimal Classification     Non-Fiction Footprints International School Library Network Toul Tom Poung Campus Footprints International School Library Network Toul Tom Poung Campus TTP Secondary Non-Fiction Bookshelves 08/28/2025   KEE 973 E155 .K226 FISSE01161 08/28/2025 2 08/28/2025 Books